How our laws are made
| Main Author: | Hashim Yeop A. Sani, Datuk |
|---|---|
| Published: |
Kuala Lumpur:
Dewan Bahasa dan Pustaka,
1974.
|
| Subjects: |
| LEADER | 00479cam a2200145 7i4500 | ||
|---|---|---|---|
| 001 | 0000048364 | ||
| 005 | 20180320090000.0 | ||
| 090 | 0 | 0 | |a KPG2186 |b .H34 1974 |
| 100 | 0 | |a Hashim Yeop A. Sani, |c Datuk | |
| 245 | 1 | 0 | |a How our laws are made |c Datuk Hashim Yeop A. Sani. |
| 260 | |a Kuala Lumpur: |b Dewan Bahasa dan Pustaka, |c 1974. | ||
| 300 | |a 77 p. | ||
| 500 | |a Gift: Zainol Ahmad Resource Center | ||
| 650 | 0 | 0 | |a Legislation -- |z Malaysia |
| 999 | |a 0000062416 |b BOK |c OPEN SHELF |e 1st Floor, Bestari Jaya | ||